000 00576nam a2200229Ia 4500
003 OSt
005 20220928102625.0
006 a|||||r|||| 00| 0
007 ta
008 220927b |||||||| |||| 00| 0 eng d
024 _a64597
037 _cTextual
040 _aSDCL
_cSDCL
_beng
041 _2eng
_aeng
082 _aV45:3(Q)'N7, M3
100 _aNima Ramy
_9399424
245 0 _aWrath of Allah
260 _aLondon
_bPluto Press
_c1983
300 _a170p.
_ccm.
942 _hV45:3(Q)'N7, M3
_cTEXL
_2CC
999 _c715279
_d715279